| 000 | 00795nam a2200253Ia 4500 | ||
|---|---|---|---|
| 005 | 20250117103637.0 | ||
| 008 | 008 250103s9999 xx 000 0 eng d | ||
| 020 | _a9781789243444 | ||
| 037 | _aTextual | ||
| 040 |
_aCSL _beng _cCSL |
||
| 041 |
_aeng _2eng |
||
| 084 |
_aKZ332 P4;R3 _qCSL |
||
| 100 |
_aDunham, Rex _9732086 |
||
| 245 | 0 |
_aAquaculture and fisheries biotechnology: Genetic approaches _cDunham, Rex |
|
| 250 | _a3rd | ||
| 260 |
_aBoston _bCABI Usa _c2023 |
||
| 300 | _axiii,629p. Col.ill | ||
| 650 |
_a Basic genetics qualitative traits _9734457 |
||
| 650 |
_a Polyploidy _9734458 |
||
| 650 |
_a Xenogenesis _9734459 |
||
| 650 |
_aPhenotypic variation and environmental effects _9734460 |
||
| 942 |
_cTEXL _hKZ332 P4;R3 |
||
| 999 |
_c1237959 _d1237959 |
||